000 00359nam a2200145Ia 4500
008 191201s1990 xx 000 0 und d
082 _a677.02832
_bNYF
100 _aNYLANDER, Jane C
245 0 _aFabric for Historic Buildings
250 _a4th
260 _aN.Delhi
_bJohn willey and Sons
_c1990
300 _a303
650 _aB.Tech(TE)
942 _2ddc
_cBK
999 _c2551
_d2551